[Event "GER-ch42 V07 email"]
[Site "GER email"]
[Date "2010.04.08"]
[Round "?"]
[White "Blau, Dieter"]
[Black "Schwarte, Joachim"]
[Result "0-1"]
[WhiteElo "1950"]
[BlackElo "1966"]
[PlyCount "88"]
[EventDate "2010.04.19"]
[EventType "tourn (corr)"]
[EventRounds "12"]
[EventCountry "GER"]
[SourceTitle "Corr 2015"]
[Source "ChessBase"]
[SourceDate "2015.07.17"]
[SourceVersion "1"]
[SourceVersionDate "2015.07.17"]
[SourceQuality "1"]
[WhiteTeam "Germany"]
[BlackTeam "Germany"]
[WhiteTeamCountry "GER"]
[BlackTeamCountry "GER"]

1. d4 d5 2. c4 c6 3. Nf3 e6 4. Qc2 Nf6 5. Nbd2 Nbd7 6. g3 Bd6 7. Bg2 0-0 8. 0-0 Re8 9. Rd1 Qe7 10. e4 dxe4 11. Nxe4 Nxe4 12. Qxe4 e5 13. Bg5 f6 14. Be3 exd4 15. Qxe7 Bxe7 16. Bxd4 Bf8 17. Re1 Rxe1+ 18. Rxe1 Nc5 19. Rd1 Be6 20. Be3 a5 21. b3 a4 22. Nd4 Bg4 23. Rb1 Ne6 24. Nxe6 Bxe6 25. Be4 axb3 26. axb3 Kf7 27. Kg2 h5 28. Bf3 g6 29. c5 Bf5 30. Rd1 Ra3 31. Be2 Be6 32. b4 Rb3 33. Rd4 Bd5+ 34. Bf3 Ke6 35. g4 h4 36. h3 g5 37. Bxd5+ cxd5 38. Kf1 Be7 39. Ke2 Bd8 40. f4 Rb2+ 41. Kf1 Rh2 42. Rd3 Rxh3 43. f5+ Kd7 44. Rxd5+ Kc8 0-1